| 000 | 00515nam a2200181Ia 4500 | ||
|---|---|---|---|
| 008 | 090124s9999 xx 000 0 und d | ||
| 082 |
_b32493 _a2257 |
||
| 100 | _aमहाजन सुलक्षणा | ||
| 245 | _a जग बदललं ! | ||
| 250 | _a1 | ||
| 260 | _c2004 | ||
| 300 | _a105 | ||
| 600 | _aमहाजन सुलक्षणा | ||
| 630 | _a जग बदललं ! | ||
| 700 | _aमहाजन सुलक्षणा | ||
| 730 | _a जग बदललं ! | ||
| 942 | _cBOOK | ||
| 999 |
_c145972 _d145972 |
||